000249393 001__ 249393
000249393 005__ 20231010195532.0
000249393 022__ $$2(DE-600)2474656-3$$a1756-526X
000249393 022__ $$a1756-526X$$l1756-526X
000249393 022__ $$a1756-5278$$l1756-526X
000249393 0247_ $$2ZDBID$$aPERI:(DE-600)2813125-3
000249393 0247_ $$2ZDBPPN$$aZDPPN:1067869999
000249393 0247_ $$2EZBID$$aPERI:(DE-606)111773
000249393 0247_ $$2OCLC$$aOCLC:1231614485
000249393 035__ $$aPERI:(DE-600)2813125-3
000249393 040__ $$a0029$$bger$$cDE-101$$dJOIN²$$eJOIN² journal identification
000249393 041__ $$aeng
000249393 044__ $$cXA-GB
000249393 082__ $$223sdnb$$a370$$qDE-600
000249393 08274 $$223sdnb$$a370$$qDE-600
000249393 084__ $$2ssgn$$a5,3
000249393 24220 $$2DE-600$$aInternational journal of development education and global learning$$yen
000249393 24220 $$2DE-600$$aInternational journal of development education and global learning
000249393 245__ $$2DE-600$$aInternational journal of development education and global learning$$hprint, online
000249393 2463_ $$2DE-600$$aInternational journal of development education and global learning
000249393 2463_ $$aInternational journal of development education and global learning
000249393 260__ $$aStoke-on-Trent$$bTrentham Books$$c2008-
000249393 2607_ $$2DOAJ$$aUnited Kingdom$$bUCL Press$$d2020-11-11T13:40:59Z
000249393 26431 $$aStoke-on-Trent$$bTrentham Books$$c2008-
000249393 3620_ $$2DE-600$$a1.2008 -
000249393 36301 $$2DE-600$$81.1\x$$a1$$i2008
000249393 380__ $$2marcgt$$ajournal
000249393 500__ $$aAutomatically generated record. (Updated: 2023-08-30)
000249393 65310 $$2EZB-Subject$$aPädagogik
000249393 65310 $$2EZB-Keyword$$aLernforschung
000249393 65310 $$2DOAJ$$adevelopment education$$d2020-11-11T13:40:59Z
000249393 65310 $$2DOAJ$$aglobal learning$$d2020-11-11T13:40:59Z
000249393 65310 $$2DOAJ$$aglobal south$$d2020-11-11T13:40:59Z
000249393 65310 $$2DOAJ$$asustainable development$$d2020-11-11T13:40:59Z
000249393 65310 $$2DOAJ$$aEducation: Special aspects of education$$d2020-11-11T13:40:59Z
000249393 65310 $$2DOAJ$$aSocial Sciences: Industries. Land use. Labor: Economic growth$$d2020-11-11T13:40:59Z
000249393 65310 $$2DOAJ$$adevelopment$$d2020-11-11T13:40:59Z
000249393 65310 $$2DOAJ$$aplanning$$d2020-11-11T13:40:59Z
000249393 77608 $$2DE-600$$dStoke-on-Trent : Trentham Books, 2008-$$iDruckausg.$$tInternational journal of development education and global learning$$w(DE-600)2474656-3$$x1756-526X
000249393 8564_ $$d0$$uhttp://ezb.uni-regensburg.de/2813125$$yEZB
000249393 8564_ $$d0$$uhttps://www.scienceopen.com/search#('v'~3_'id'~''_'isExactMatch'~true_'context'~('collection'~('id'~'e37b09ca-7a4a-422e-a3f1-36622960312c'_'kind'~0)_'kind'~11)_'kind'~77_'order'~3_'orderLowestFirst'~false_'query'~''_'filters'~!*_'hideOthers'~false)$$yVerlag = kostenfrei
000249393 8564_ $$d0$$uhttps://www.uclpress.co.uk/pages/international-journal-of-development-education-and-global-learning$$yReview process
000249393 8801_ $$2DE-600$$aInternational journal of development education and global learning
000249393 909CO $$ooai:juser.fz-juelich.de:914745$$pauthority$$pauthority:PERI
000249393 909CO $$ooai:juser.fz-juelich.de:914745
000249393 915__ $$0StatID:(DE-HGF)0501$$2StatID$$aDBCoverage$$bDOAJ Seal$$d2020-11-11T13:40:59Z
000249393 915__ $$0StatID:(DE-HGF)0500$$2StatID$$aDBCoverage$$bDOAJ$$d2020-11-11T13:40:59Z
000249393 915__ $$0StatID:(DE-HGF)0030$$2StatID$$aPeer Review$$bDOAJ : Double anonymous peer review$$d2020-11-11T13:40:59Z
000249393 915__ $$0LIC:(DE-HGF)CCBYNV$$2V:(DE-HGF)$$aCreative Commons Attribution CC BY (No Version)$$bDOAJ$$d2020-11-11T13:40:59Z
000249393 980__ $$aPERI
000249393 980__ $$aAUTHORITY